| 000 | 01036nam a22002771 4500 | ||
|---|---|---|---|
| 001 | 11372 | ||
| 003 | BD-RjUL | ||
| 005 | 20211208235120.0 | ||
| 008 | 140126s1953 nyua 001 0 eng d | ||
| 035 | _a(BD-RjUL)11421 | ||
| 040 |
_aDLC/ICU _cICU _dDLC _dBD-RjUL _beng |
||
| 041 | _aeng | ||
| 082 | 0 | 0 |
_a548.5 _bROO 1953 |
| 100 | 1 |
_aRobertson, J. Monteath _q(John Monteath) _935160 |
|
| 245 | 1 | 0 |
_aOrganic crystals and molecules : _btheory of X-ray structure analysis with applications to organic chemistry. _cby J. Monteath Robertson |
| 260 |
_aIthaca, New York : _bCornell University Press, _c1953. |
||
| 300 |
_aIX, 340 p. : _billus. _c24 cm. |
||
| 490 | 1 | _aThe George Fisher Baker non-resident lectureship in chemistry at Cornell University | |
| 504 | _aIncludes index. | ||
| 650 | 0 |
_aX-ray crystallography. _932004 |
|
| 650 | 0 |
_aChemistry, Organic. _935161 |
|
| 830 | 0 |
_aGeorge Fisher Baker non-resident lectureship in chemistry at Cornell University. _935169 |
|
| 942 |
_2ddc _cBK |
||
| 999 |
_c11372 _d11372 |
||